New geographies of race and racism (Record no. 6414)
[ view plain ]
| 000 -LEADER | |
|---|---|
| fixed length control field | 01482nam a2200361Ia 4500 |
| 001 - CONTROL NUMBER | |
| control field | ebr10273830 |
| 003 - CONTROL NUMBER IDENTIFIER | |
| control field | CaPaEBR |
| 006 - FIXED-LENGTH DATA ELEMENTS--ADDITIONAL MATERIAL CHARACTERISTICS--GENERAL INFORMATION | |
| fixed length control field | m u |
| 007 - PHYSICAL DESCRIPTION FIXED FIELD--GENERAL INFORMATION | |
| fixed length control field | cr cn||||||||| |
| 008 - FIXED-LENGTH DATA ELEMENTS--GENERAL INFORMATION | |
| fixed length control field | 080506s2008 enka sb 001 0 eng d |
| 010 ## - LIBRARY OF CONGRESS CONTROL NUMBER | |
| Canceled/invalid LC control number | 2008020165 |
| 020 ## - INTERNATIONAL STANDARD BOOK NUMBER | |
| Cancelled/invalid ISBN | 0754670856 (hbk. : alk. paper) |
| Cancelled/invalid ISBN | 9780754670858 (hbk. : alk. paper) |
| 040 ## - CATALOGING SOURCE | |
| Original cataloging agency | CaPaEBR |
| Transcribing agency | CaPaEBR |
| 035 ## - SYSTEM CONTROL NUMBER | |
| System control number | (OCoLC)560615189 |
| 050 14 - LIBRARY OF CONGRESS CALL NUMBER | |
| Classification number | DA125.A1 |
| Item number | N49 2008eb |
| 245 00 - TITLE STATEMENT | |
| Title | New geographies of race and racism |
| Medium | [electronic resource] / |
| Statement of responsibility, etc | edited by Claire Dwyer and Caroline Bressey. |
| 260 ## - PUBLICATION, DISTRIBUTION, ETC. (IMPRINT) | |
| Place of publication, distribution, etc | Aldershot, England ; |
| -- | Burlington, VT : |
| Name of publisher, distributor, etc | Ashgate, |
| Date of publication, distribution, etc | c2008. |
| 300 ## - PHYSICAL DESCRIPTION | |
| Extent | xiv, 311 p. : |
| Other physical details | ill. |
| 504 ## - BIBLIOGRAPHY, ETC. NOTE | |
| Bibliography, etc | Includes bibliographical references and index. |
| 533 ## - REPRODUCTION NOTE | |
| Type of reproduction | Electronic reproduction. |
| Place of reproduction | Palo Alto, Calif. : |
| Agency responsible for reproduction | ebrary, |
| Date of reproduction | 2009. |
| Note about reproduction | Available via World Wide Web. |
| -- | Access may be limited to ebrary affiliated libraries. |
| 650 #0 - SUBJECT ADDED ENTRY--TOPICAL TERM | |
| Topical term or geographic name as entry element | Minorities |
| Geographic subdivision | Great Britain. |
| Topical term or geographic name as entry element | Cultural pluralism |
| Geographic subdivision | Great Britain. |
| Topical term or geographic name as entry element | Human geography |
| Geographic subdivision | Great Britain. |
| 651 #0 - SUBJECT ADDED ENTRY--GEOGRAPHIC NAME | |
| Geographic name | Great Britain |
| General subdivision | Race relations. |
| Geographic name | Great Britain |
| General subdivision | Ethnic relations. |
| Geographic name | Great Britain |
| General subdivision | Emigration and immigration |
| -- | Social aspects. |
| 655 #7 - INDEX TERM--GENRE/FORM | |
| Genre/form data or focus term | Electronic books. |
| Source of term | local |
| 700 1# - ADDED ENTRY--PERSONAL NAME | |
| Personal name | Dwyer, Claire. |
| Personal name | Bressey, Caroline. |
| 710 2# - ADDED ENTRY--CORPORATE NAME | |
| Corporate name or jurisdiction name as entry element | ebrary, Inc. |
| 856 40 - ELECTRONIC LOCATION AND ACCESS | |
| Uniform Resource Identifier | <a href="http://site.ebrary.com/lib/rucke/Doc?id=10273830">http://site.ebrary.com/lib/rucke/Doc?id=10273830</a> |
| Public note | An electronic book accessible through the World Wide Web; click to view |
No items available.
